| 000 | 03021nam a2200301 a 4500 | ||
|---|---|---|---|
| 001 | 000020454 | ||
| 003 | DO-SdBNP | ||
| 005 | 20250306095650.0 | ||
| 007 | ta | ||
| 008 | 150526s2016 dr 000 0 spa d | ||
| 020 | _a9789945902358 | ||
| 040 |
_aDO-SdBNP _bspa _cBNPHU _erda |
||
| 082 | 4 |
_222 _axxx _bxxx |
|
| 111 | 2 |
_aPremio Internacional Pedro Henríquez Ureña _d(2016: _cSanto Domingo ) _943125 |
|
| 245 | 0 | 0 |
_aMemoria : _bPremio Internacional Pedro Henríquez Ureña 2015 otorgado al poeta nicaragüense Ernesto Cardenal y al escritor uruguayo Eduardo Galeando / _ccompilador, editor, Luis O. Brea Franco ; prólogo, Luis O. Brea Franco. |
| 264 | 1 |
_aSanto Domingo : _bMinisterio de Cultura, _c2016. |
|
| 300 |
_a135 páginas : _bilustraciones, retratos ; _c23 cm. |
||
| 336 |
_atexto _btxt _2rdacontent |
||
| 337 |
_asin mediación _bn _2rdamedia |
||
| 338 |
_avolumen _bnc _2rdacarrier |
||
| 500 | _aIncluye referencias bibliográficas y notas al pie de las páginas. | ||
| 504 | _aBibliografía : páginas 133 | ||
| 505 | 0 |
_aPremio Internacional Pedro Henríquez Ureña -- _tPrólogo -- _tPresentación de Beatriz Sarlo galardonada Con el premio Pedro Henríquez Ureña 2015 Por el señor Ministro de Cultura José Antonio Rodríguez Duvergé -- _tDictamen Premio Internacional Pedro Henríquez Ureña que se otorga al esayista argentino Beatriz Sarlo -- _tLección Magistral de la Galardonada Beatriz Sarlo -- _tColoquio Beatriz Sarlo y las nuevas constelaciones de la crítica en nuestra America, sección uno -- _tTestimonio por la Doctora Sylvia Molly -- _tBeatriz Sarlo : una lectora en el mundo _tColoquio "Pedro Henríquez Ureña Pedro y el pensamiento crítico en Nuestra América, sección dos |
|
| 505 | 0 |
_aPedro Henríquez Ureña y la biblioteca americana: asomo a un proyecto editorial _rLiliana Weinberg -- _tCosmopolitismo, latinoamericanismo y humanismo : notas sobre Pedro Henríquez Ureña a propósito/ _rIgnacio R. Sánchez Prado -- _tEntre la convicción y la duda : El pensamiento crítico en torno a Pedro Henríque Ureña / _rDr. Juan R. Valdez _tPresentación de los catorce tomos de las Obras de Pedro Henríquez Ureña compiladas por Miguel D. Mena y el libro "Seis ensayos en busca de Pedro Henríquez Ureña" de la Dra. Liliana Weinberg. _tSección tres : _tPresentación por parte del honorable señor ministro de cultura de la República Dominicana José Antonio Rodríguez Duvergé de las obras completas de Pedro Henríquez Ureña -- _tHacia las obras completas de Pedro Henríquez Ureña por el compilador de la colección / _rMiguel D. Mena -- _tPresentación del libro Seis ensayos en busca de Pedro Henríquez Ureña de la Dra. Liliana Weinberg / _rBrea Franco, Luis O. -- _tPresentación en la Feria del Libro Dominicano en New York : Seis Ensayos en busca de Pedro Henríquez Ureña de la Dra. Liliana Weinberg/ _rJuan R. Valdez -- _tApéndice. |
|
| 586 | _aPremio Internacional Pedro Henríquez Ureña, 2015 | ||
| 700 | 1 |
_aBrea Franco, Luis O., _ecompilador _4comp. _97125 |
|
| 942 |
_2ddc _cLBS1 |
||
| 999 |
_c19958 _d19958 |
||